22 maneras de caerse bien (Record no. 190058)

MARC details
000 -LEADER
campo de control de longitud fija 01047nam a2200289 i 4500
001 - NÚMERO DE CONTROL
campo de control 190058
003 - IDENTIFICADOR DE NÚMERO DE CONTROL
campo de control SpMaBN
005 - FECHA Y HORA DE LA ÚLTIMA TRANSACCIÓN
campo de control 20250811095309.0
008 - DATOS DE LONGITUD FIJA--INFORMACIÓN GENERAL
campo de control de longitud fija 200310s2007 sp a |||| | spa d
020 ## - NÚMERO INTERNACIONAL ESTÁNDAR DEL LIBRO
Número Internacional Estándar del Libro 978-84-08-07091-7
080 ## - NÚMERO DE LA CLASIFICACIÓN DECIMAL UNIVERSAL
Número de la Clasificación Decimal Universal 159.942
080 ## - NÚMERO DE LA CLASIFICACIÓN DECIMAL UNIVERSAL
Número de la Clasificación Decimal Universal 159.923.2
100 1# - ENTRADA PRINCIPAL--NOMBRE DE PERSONA
Nombre de persona Manglano Castellary, José Pedro.
9 (RLIN) 169966
245 10 - MENCIÓN DEL TÍTULO
Título 22 maneras de caerse bien
Resto del título : actitudes para disfrutar de la vida /
Mención de responsabilidad, etc. José Pedro Manglano ; [ilustraciones de Antonio Mingote].
246 3# - FORMA VARIANTE DEL TITULO
Título propio/Titulo breve Veintidós maneras de caerse bien
246 3# - FORMA VARIANTE DEL TITULO
Texto de visualización Subtít. de cub.
Título propio/Titulo breve actitudes para conquistar la felicidad
250 ## - MENCION DE EDICION
Mención de edición 1ª ed.
260 ## - PUBLICACIÓN, DISTRIBUCIÓN, ETC.
Lugar de publicación, distribución, etc. Barcelona :
Nombre del editor, distribuidor, etc. Planeta,
Fecha de publicación, distribución, etc. 2007.
300 ## - DESCRIPCIÓN FÍSICA
Extensión 322 p. :
Otras características físicas il. ;
Dimensiones 23 cm.
504 ## - NOTA DE BIBLIOGRAFÍA, ETC.
Nota de bibliografía, etc. Bibliografía: p. 315-322.
650 07 - PUNTO DE ACCESO ADICIONAL DE MATERIA--TÉRMINO DE MATERIA
Término de materia o nombre geográfico como elemento de entrada Actitud (Psicología)
Fuente del encabezamiento o término embne
9 (RLIN) 9588
650 07 - PUNTO DE ACCESO ADICIONAL DE MATERIA--TÉRMINO DE MATERIA
Término de materia o nombre geográfico como elemento de entrada Autorrealización.
9 (RLIN) 10441
852 1# - LOCALIZACIÓN
Ubicación ES-MaACL
Número de control de estantería A-14569
itemnumber 197209
Sublocalización o colección R.152075
Ubicación en estantería Depósito 1
Signatura antigua Olim: N-7569
Donativo/Legado Donación: José Lázaro
903 ## - NOMBRE PERSONAL DE DONANTE
9 234219
a Lázaro García, José
e Donante
942 ## - ELEMENTOS DE ENTRADA SECUNDARIOS (KOHA)
Fuente del sistema de clasificación o colocación Clasificación decimal universal
Tipo de ítem Koha Libro impreso
Holdings
Estatus retirado Estado de pérdida Fuente del sistema de clasificación o colocación Estado de daño No para préstamo Biblioteca de origen Biblioteca actual Ubicación en estantería Fecha de adquisición Fuente de adquisición Total de préstamos Signatura topográfica completa Código de barras Visto por última vez Precio de reemplazo Tipo de ítem Koha
    Clasificación decimal universal     Biblioteca del Ateneo de Madrid Biblioteca del Ateneo de Madrid Depósito 1 29/05/2005 Donación   A-14569 1201716 23/02/2023 23/02/2023 Libro impreso